| 000 | 01357cam a22002054a 4500 | ||
|---|---|---|---|
| 005 | 20250605164130.0 | ||
| 008 | 250528s ||||||||||||||||||||||||d | ||
| 035 | _a18603 | ||
| 020 | _a715726881 | ||
| 040 |
_aGR-AtMCL _bgre _dGR-AtMCL _eAACR2 |
||
| 245 | 1 | _aMedicine Through Time / A Study in Development: Teacher's Guide | |
| 260 | _c1988 | ||
| 300 | _a32 | ||
| 520 | _aA complete reconsideration of the nature of History teaching in Schools. Aims and Objectives, Planning the Course, Teaching the Course, Teaching the Narrative, Introduction, Prehistoric Times, The First Civilizations, The Ancient World, The Middle Ages, The Growth of European Medicine (a) to c. 1800, The Growth of Modern European Medicine (b) 1800-1900, Medicine in the 20th Century, Revision and Assessment, Teaching the Factors, Introduction, Factors 1: Religion, Factors 2: War, Factors 3: Government, Factors 4: Science and Technology, Separate Factors and Factors in Combination, Teaching Why Did It Happen Then?, Teaching Understanding Change and Continuity, Understanding the Pace of Change, Development, Turning Points in History, Some Changes that Got Nowhere - or Not Until Later, Progress - Have Things Got Better?, Revision and Assessment. | ||
| 700 | 1 |
_aHolmes Mcdougall _92272 |
|
| 700 | 1 |
_aScott Joe _94865 |
|
| 942 | _cBK | ||
| 999 |
_c3952 _d3952 |
||